LDR 00952nam a2200241 i 4500 001 000000193198 003 CaOOAMICUS 005 20260528142944.0 008 101015s1986 gw u000 u ger u 013 $a171838 020 $a3-402-03345-3 040 $aSeMil$bita 245 10$a3. 260 $aMünster :$bAschendorff,$c1986. 300 $a102 p., [3] carte di tav. :$britr. ;$c23 cm. 773 0 $tKatholische Theologen der Reformationszeit.$dMünster : Aschendorff, 1984-1988.$kKatholisches Leben und Kirchenreform im Zeitalter der Glaubensspaltung$g3$w()23872 850 $aSeMil 852 $aSeMil$W1$xVenegono$y1$m2B IV 420$j272733$B143772$CSeMilBibl$Z2$F155257 $81 961 $aAcquisto: Casa editrice 996 $6020$a3-402-03345-3$9(OLS)http://semarc/number/184574 996 $6245$a3$9(OLS)http://semarc/title/47129 996 $6260$aMünster :$bAschendorff$9(OLS)http://semarc/publisher/29674